Most Forested Countries Quiz Stats

 Plays Quiz Updated Dec 15, 2018

Support Sporcle.
Go Orange.
Score 0/37 Timer 06:00
1 Play Today
% of Land Forested Country % Correct
56.47%Brazil
92.9%
53.70%Peru
70.6%
54.73%Colombia
66.5%
54.09%Venezuela
61.9%
54.17%Bolivia
56.4%
67.09%Sweden
55.8%
73.87%Finland
55%
57.69%Panama
53.1%
76.73%Guyana
52.4%
94.72%Suriname
51.7%
58.94%Democratic Republic of Congo
48.7%
69.94%Laos
47.7%
59.18%Cambodia
44.9%
63.58%Malaysia
42.7%
68.22%Japan
42.2%
72.47%Belize
41.5%
65.00%Papua New Guinea
39.5%
65.80%Republic of Congo
36.2%
54.73%Fiji
35.2%
% of Land Forested Country % Correct
51.38%North Korea
32.7%
63.46%South Korea
32.1%
53.88%Estonia
29.2%
84.51%Gabon
28.4%
67.98%Bhutan
27.8%
60.42%Samoa
27.4%
52.75%Brunei
26.9%
58.18%Equatorial Guinea
26.5%
61.33%Dominica
26.5%
86.96%Palau
26.1%
77.60%Solomon Islands
25.4%
90.00%Micronesia
24%
53.67%Timor-Leste
23.9%
57.11%Zambia
22.5%
86.96%Seychelles
19.8%
51.45%Bahamas
18.2%
73.68%Guinea-Bissau
17.5%
62.76%Slovenia
14.3%

You're not logged in!

Compare scores with friends on all Sporcle quizzes.
OR
Log In
Forgot?

From the Vault

Geo Match-Up: Country, Capital, Language, Currency

by citkeane

It's time to go back to the basics. Or maybe the bank.
Remove Ads.
Support Sporcle.
Get the best of Sporcle when you Go Orange. This ad-free experience offers more features, more stats, and more fun while also helping to support Sporcle. Thank you for becoming a member.

Show Comments

Extras

Top Quizzes Today


Score Distribution

Your Account Isn't Verified!

In order to create a playlist on Sporcle, you need to verify the email address you used during registration. Go to your Sporcle Settings to finish the process.

Report this User

Report this user for behavior that violates our Community Guidelines.

Details: